000 00661cam a22002531 4500
001 sa 68009557
003 DLC
005 20260227112543.0
008 861105s1966 ii 000 0 kanx
010 _asa 68009557
020 _cRs1.50
025 _aPL480:I-Kan-1104
035 _a(OCoLC)15302448
040 _aDLC
_cNN
_dDLC
042 _apremarc
050 0 0 _aPL4659.S86
_bS2
100 1 _aSubbanarasimha, K. S.,
_d1930-
245 1 0 _aSamayakkondsuḷḷu.
_c[Lēkhaka] Ke. Es. Subbanarasimha.
250 _a[1st ed.]
260 _aMaisūru,
_bSuruci Prakāśana
_c[1966]
300 _a80 p.
_c19 cm.
500 _aIn Kannada.
500 _aA play.
999 _c82987
_d82987